000 02195cam a22003735i 4500
999 _c26915
_d26887
001 11971708
003 EG-ScBUE
005 20201129125957.0
008 000412t19991999enka f b 001 0 eng d
020 _a0719053315 (pbk.)
020 _a9780719053313
040 _aDLC
_beng
_erda
_cDLC
_dDLC
_dEG-ScBUE
043 _an-cn---
082 0 4 _a813.08729099287
_bBEC
_222
100 1 _aBecker, Susanne,
_eauthor.
245 1 0 _aGothic forms of feminine fictions /
_cSusanne Becker.
264 1 _aManchester, UK ;
_aNew York :
_bManchester University Press,
_c1999.
300 _ax, 335 pages :
_billustrations ;
_c23 cm
336 _atext
_btxt
_2rdacontent
337 _aunmediated
_bn
_2rdamedia
338 _avolume
_bnc
_2rdacarrier
504 _aIncludes bibliographical references and index.
505 0 _tpt. I. Gothic forms -- feminine texts -- Ch. 1. Gothic contextualisation -- Ch. 2. Gothic texture -- Ch. 3. Gothic intertextuality --
_tpt. II. Neo-gothicism: from houses of fiction to textures of dress -- Ch. 4. Exploring gothic contextualisation: Alice Munro and Lives of Girls and Women -- Ch. 5. Exceeding even gothic texture: Margaret Atwood and Lady Oracle -- Ch. 6. Stripping the gothic: Aritha van Herk and No Fixed Address --
_tpt. III. Gothic times again: Two hundred years after Radcliffe -- Ch. 7. The neo-gothic experience -- Ch. 8. Exceeding postmodernism -- Ch. 9. Global escapes: nineties' gothica.
520 _aGothic forms of feminine fictions is a study of the powers of the Gothic in late twentieth-century fiction and film. Susanne Becker argues that the Gothic, two hundred years after it emerged, exhibits renewed vitality in our media age with its obsession for stimulation and excitement.
650 7 _aCanadian fiction
_xWomen authors
_xHistory and criticism.
_2BUEsh
650 7 _aWomen and literature
_zCanada
_xHistory
_y20th century.
_2BUEsh
650 7 _aHorror tales, Canadian
_xHistory and criticism.
_2BUEsh
650 7 _aGothic revival (Literature)
_zCanada.
_2BUEsh
650 7 _aWomen in literature.
_2BUEsh
651 _2BUEsh
653 _bHHUUEENN
_cOctober2018
_cNovember2020
655 _vReading book
_934232
942 _2ddc
_cBB